000 00612nam a2200193 4500
001 120116
003 ES-MaACL
005 20250831073431.0
007 t|
008 070214s1965 sp r ||||1| spa d
110 2 _aIglesia Católica.
_bPapa (1922-1939: Pío XI)
_94665
245 1 0 _aQuadragésimo anno
_b: sobre la restauración del orden social /
_cPío XI.
260 _aSalamanca :
_bSígueme,
_c1965.
300 _a111 p. ;
_c17 cm.
490 1 _aDocumentos pontificios ;
_v16
830 0 _aDocumentos pontificios ;
_v16
_9185731
852 _aES-MaACL
_jC-28358
_bR.57566
999 _c120116
_d120116